| 000 | 00449nam a2200157Ia 4500 | ||
|---|---|---|---|
| 008 | 190805s9999||||xx |||||||||||||| ||und|| | ||
| 020 | _aNA00000001 | ||
| 082 | 0 | 4 |
_a528 _bN226 |
| 100 | 1 | _aKhalique, Abdul | |
| 245 | 1 | 0 |
_aNautical Almanac-2006 / _cAbdul Khalique |
| 260 |
_aScotland : _bWitherby Seamanship International Limited, _c2016 |
||
| 300 |
_a68 p. _b : _c; 24 cm. |
||
| 650 | 0 | _aNautical almanacs | |
| 942 | _cBK | ||
| 999 |
_c299 _d299 |
||